000 00464nam a2200145 a 4500
001 000045986
005 20201002052549.0
008 150605s2004 dr 000 0 spa d
040 _aDO-SdBNP
_bspa
_cBNPHU
082 _axxxx
_bxxxx
245 0 0 _aNovena to :
_bSaint Ignatius of Loyola.
260 _a[s.l.] :
_bSociety of Jesus,
_c[s.f.].
300 _a12 p. ;
_c22 cm.
500 _aFounder of the society of Jesus patron of the spiritual exercises. Feast day july 31
999 _c45475
_d45475